000 00533nam a22001937a 4500
003 KOHA_MİRAKIL
005 20251125101225.0
008 251125b tu ||||| |||| 00| 0 tur d
020 _a9786051419145
040 _aTR-AnABB
_btur
_cTR-AnABB
041 _atur
082 _a813.42
_bPER 2015
100 1 _aPerker, Aslı E.,
245 1 0 _aBana yardım et /
_cAslı E. Perker
260 _aİstanbul :
_bEverest Yayınları,
_c2015
300 _a246 sayfa ;
_c20 cm
650 0 4 _aTürk edebiyatı, roman
942 _2ddc
_cBK
999 _c9612
_d9612
900 _bGizem YORULMAZ